000 00412pam a2200169a 44500
008 230405s2017 xxu||||| |||| 00| 0 eng d
020 _a9789385915796
_cRs. 695
082 _a612.015
_bLAL
100 _aLal, Harbans
245 _aTextbook Of Biochemistry
250 _a3rd Ed.
260 _aNew Delhi
_bCBS Pub.
_c2017
300 _a614 p.
502 _atext
700 _aPandey, Rajesh
906 _a003434
999 _c251237
_d251237